Statistics for RWBY - When It Falls Lyrics

Click here to take the quiz!

General Stats

  • This quiz has been taken 5 times
  • The average score is 100 of 267

Answer Stats

Lyrics% Correct
a
100%
it
100%
Maybe
100%
an
67%
Are
67%
blood
67%
It's
67%
it's
67%
like
67%
love
67%
of
67%
pool
67%
roses?
67%
The
67%
the
67%
When
67%
when
67%
You
67%
above
33%
accident
33%
all
33%
allies
33%
And
33%
and
33%
bathed
33%
be
33%
blame
33%
brink
33%
by
33%
Claiming
33%
collapse
33%
crawl
33%
Crushed
33%
darkness
33%
dying
33%
each
33%
eat
33%
embers
33%
end
33%
eyes
33%
failed
33%
faith
33%
falls
33%
fight
33%
fingers
33%
fools
33%
gloves
33%
goal
33%
good
33%
hate
33%
hero
33%
Hung
33%
in
33%
incarnate
33%
innocents
33%
iron
33%
is
33%
Kingdoms
33%
lament
33%
lay
33%
light
33%
mankind
33%
Mirrors
33%
Misery
33%
moon
33%
no
33%
now
33%
on
33%
once
33%
only
33%
other
33%
pain
33%
part
33%
peace
33%
pillars
33%
play
33%
point
33%
power
33%
red's
33%
remain
33%
rest
33%
rise
33%
save
33%
shame
33%
shatter
33%
shining
33%
sink
33%
smother
33%
snow
33%
Soon
33%
starts
33%
Swallowed
33%
tatters
33%
That
33%
that
33%
their
33%
Their
33%
them?
33%
There'll
33%
This
33%
to
33%
tragedy
33%
Victory
33%
wage
33%
war
33%
weight
33%
white
33%
Who
33%
whole
33%
wide
33%
will
33%
Will
33%
wilt
33%
world
33%
you've
33%
black
0%
blinding
0%
burn
0%
But
0%
condemnation
0%
contagion
0%
cost
0%
discontent
0%
ends
0%
flame
0%
flames
0%
for
0%
fuse
0%
hope
0%
know
0%
not
0%
obliteration
0%
places
0%
succumb
0%
taken
0%
they
0%
They
0%
They'll
0%
trusting
0%
yellow
0%
you'll
0%
your
0%
you's
0%

Score Distribution

Percentile by Number Answered

Percent of People with Each Score

Your Score History

You have not taken this quiz